Chemical reaction engineering: an introduction to the design of chemical reactors
Salvato in:
| Autore principale: | |
|---|---|
| Natura: | Libro |
| Lingua: | inglese |
| Pubblicazione: |
Nueva York
John Wiley
1962
|
| Soggetti: | |
| Tags: |
Aggiungi Tag
Nessun Tag, puoi essere il primo ad aggiungerne!!
|
MARC
| LEADER | 00000nam a2200000 a 4500 | ||
|---|---|---|---|
| 001 | UCU7240 | ||
| 003 | CL-VaPUC | ||
| 008 | 960628e19620000US |||||||||||||||||eng|d | ||
| 082 | 0 | 4 | |a 660.299 |b LEV |2 21 |
| 100 | |a Levenspiel, Octave |e author |9 601209 | ||
| 245 | 1 | 0 | |a Chemical reaction engineering: an introduction to the design of chemical reactors |
| 300 | |a 501 p | ||
| 942 | |c BK | ||
| 945 | |d 19960628 00:00:00 |a paguirre | ||
| 260 | |a Nueva York |b John Wiley |c 1962 | ||
| 650 | 0 | |a Reacciones químicas |9 259438 | |
| 650 | 0 | |a Tecnología química |9 263002 | |
| 650 | 0 | |a Cinética |9 260943 | |
| 650 | 0 | |a Mecánica de fluidos |9 259464 | |
| 650 | 7 | |a EQUILIBRIOS QUIMICOS |2 CL-VaPUC |9 336637 | |
| 583 | |a last modification |c 19960628 00:00:00 |k Rodrigo Vera | ||
| 999 | |c 249918 |d 249916 | ||
| 952 | |0 0 |1 0 |4 0 |6 660_299000000000000_LEV_1962 |7 0 |8 A |9 267483 |a BIBING |b BIBING |d 2019-11-19 |i 1699342 |o 660.299 LEV 1962 |p 1699342 |r 2025-01-20 |w 2019-11-19 |y BK |k EIQ | ||